|
|
|
|
| LEADER |
00000nam0a2200000 4500 |
| 001 |
329725 |
| 005 |
20231102004205.0 |
| 035 |
|
|
|a (RuTPU)RU\TPU\book\355493
|
| 090 |
|
|
|a 329725
|
| 100 |
|
|
|a 20170320d1955 m y0rusy50 ca
|
| 101 |
0 |
|
|a rus
|
| 102 |
|
|
|a RU
|
| 105 |
|
|
|a a j 001zy
|
| 200 |
1 |
|
|a Электрооборудование дуговых печей трехфазного тока
|e учебник
|f В. А. Маринченко
|
| 210 |
|
|
|a Москва
|c Металлургиздат
|d 1955
|
| 215 |
|
|
|a 468 с.
|c ил.
|
| 320 |
|
|
|a Библиогр.: с. 467-468
|
| 606 |
1 |
|
|a Электрические печи, дуговые
|2 stltpush
|3 (RuTPU)RU\TPU\subj\27267
|9 51051
|
| 610 |
1 |
|
|a электрооборудование
|
| 610 |
1 |
|
|a дуговые печи
|
| 610 |
1 |
|
|a трехфазный ток
|
| 610 |
1 |
|
|a сталеплавильные печи
|
| 610 |
1 |
|
|a трансформаторы
|
| 610 |
1 |
|
|a дроссельные катушки
|
| 610 |
1 |
|
|a электроды
|
| 610 |
1 |
|
|a электрические режимы
|
| 610 |
1 |
|
|a электрические схемы
|
| 610 |
1 |
|
|a подстанции
|
| 610 |
1 |
|
|a автоматизированный электропривод
|
| 610 |
1 |
|
|a электроэнергия
|
| 610 |
1 |
|
|a техника безопасности
|
| 610 |
1 |
|
|a учебники
|
| 675 |
|
|
|a 621.365.2(075.3)
|v 4
|
| 700 |
|
1 |
|a Маринченко
|b В. А.
|g Владимир Алексеевич
|
| 801 |
|
1 |
|a RU
|b 63413507
|c 20170320
|
| 801 |
|
2 |
|a RU
|b 63413507
|c 20180820
|g RCR
|
| 942 |
|
|
|c BK
|